10 plus grandes villes de France par le nombre d’habitants - Statistiques

Statistiques générales
  • Ce quiz a été pris 118 fois
  • Le résultat moyen est 9 sur 10
Statistiques - réponses
Ville % Correct
2 Marseille
100%
1 Paris
100%
10 Lille
94%
3 Lyon
93%
9 Bordeaux
90%
5 Nice
87%
4 Toulouse
84%
8 Strasbourg
83%
6 Nantes
79%
7 Montpellier
70%
Aucun quiz correspondant
Distribution des résultats
% des personnes avec chaque résultat
Percentile par nombre de réponses
Votre historique - résultats
Vous n’avez pas pris ce quiz